Chaine de mots - Olympique Lyonnais. - Statistiques

Statistiques générales
  • Ce quiz a été pris 1 609 fois
  • Le résultat moyen est 12 sur 15
Statistiques - réponses
Question Réponse % Correct
Ballon d'or 2023, formé à Lyon. Benzema
99%
Président emblématique jusqu'en 2023. Aulas
98%
Abréviation utilisé pour désigner le club. OL
93%
Club de la Loire contre qui elle dispute "son derbi". Saint-Etienne
92%
Gardien portugais, depuis 2012. Lopes
91%
Stade ou l'équipe évoluait jusqu'en 2015. Gerland
87%
Homme d'affaire Américain qui a racheté le club en 2023. Textor
87%
Néerlandais arrivé en 2017 de Manchester United. Depay
86%
Joueuse la plus capée avec l'équipe féminine. Renard
85%
Virage occupé par les "Bad Gones". Nord
83%
Nombre de titres de champions de France masculin. Sept
82%
Milieu de terrain Ghanéen, de 2003 à 2005, il partit ensuite à Chelsea. Essien
74%
Première joueuse ballon d'or de l’histoire. Hegerberg
56%
Ancien joueur puis entraineur et enfin sélectionneur. Domenech
51%
Meilleur buteur de l'histoire du club. Di Nallo
50%
Aucun quiz correspondant
Distribution des résultats
% des personnes avec chaque résultat
Percentile par nombre de réponses
Votre historique - résultats
Vous n’avez pas pris ce quiz